000 01815ncm a2200361 c 4500
999 _c322014
_d322014
003 BLK
005 20240827153336.0
008 180414b bul |a|er|||| |0| c|bulo|
010 _aNOT00004092000
040 _aBLK
041 _aBUL
_cBUL
080 _aКларинет. Етюди, гами, учебна литература
_b788.6.087.5
_z788.6.087.5
100 1 _aКлозе, Хиацинт
_eпърви автор
_979827
139 _aКлозе, Хиацинт
_bК 66
245 1 0 _aЛеки етюди
_bЗа кларинет : Ч. 1-
_cХиацинт Клозе; ред. Петко Радев.
_nЧ. 2
_pТехнически етюди за кларинет
257 _aFRA
260 _bНаука и изкуство
_c1968 -
300 _c31 см
380 _a7
500 _aЗабележка към том: На загл. с. изд. не е оформено като част от Леки етюди за кларинет. На фиш от НБКМ е Ч.2 от тази поредица.
650 4 _aКларинет - етюди, гами
_9353811
653 _aкларинети
653 _aетюди
700 _aРадев, Петко
_d1933-2017
_qПетков, Петко Радев
_9363227
760 1 _aКлозе, Хиацинт
_c44 с.
_d1967
_h44 с.
_nНа загл. с. изд. не е оформено като част от Леки етюди за кларинет. На фиш от НБКМ е Ч.2 от тази поредица.
_tЧ. 2 Технически етюди за кларинет
852 _aЦб М ІІ 4457
_p0
856 4 _qpdf
_u
856 4 _qpdf
_u
942 _cNOT
_n0
_s1
944 _aCR
_c05.10.2017
_k30560
_lГеновева Генчева
944 _aED
_c05.10.2017
_kИрена_Линкова
999 _d322014